1217 1231 1022 1452 1632 1622 1695 1485 1801 1194 1193 1012 1270 1016 1588 1256 1165 1722 1374 1540 1999 1871 1176 1481 1965 1929 1806 1187 1550 1229 1057 1943 1974 1410 1838 1354 1113 1531 1580 1265 1688 1703 1136 1570 1094 1824 1284 1374 1431 1605 1736 1105 1183 1137 1648 1308 1597 1829 1902 1419 1196 1147 1009 1738 1306 1709 1302 1891 1451 1249 1431 1434 1570 1762 1661 1467 1425 1338 1135 1875 1420 1484 1398 1208 1403 1948 1016 1863 1645 1057 1807 1163 1138 1666 1578 1715 1123 1721 1574 BCNSPRNW ULIB Ver.6.0+V

เปลี่ยนเป็นภาษาไทย

Change to English
 แสดงรายละเอียดบรรณานุกรม
  กลับหน้าหลัก

Brief Record : Get Marc (ISO 2709) : E-mail record : QR code < ปิดหน้าต่าง
LEADER : 00000nam 2200000uu 4500
001    13399112556
003     ULIB
008    110824s2554||||th 000 0 tha d
020    978611000147
090    นว.^bร147ซ 2553
100 0   ร่มแก้ว
245 00 ปฐพีเล่ห์รัก/^cร่มแก้ว
250    พิมพ์ครั้งที่ 1
260    กรุงเทพฯ :^bพิมพ์คำ,^c2554
300    324 หน้า
945    ^p230^l0^i028048
995     เกษร
999     ^aใช้งานได้ทุกระบบ
รายการนี้ยังไม่มีแท็ก
คุณยังไม่ได้ล็อกอิน คุณสามารถมีกิจกรรมร่วมกับเว็บไซต์ได้ แต่ต้องล็อกอินก่อน ::
  ล็อกอิน

รายการสื่อสารสนเทศ

ลำดับที่ ประเภท เลขเรียก/บาร์โค้ด สถานที่ สถานะ
- ไม่พบข้อมูล -

รายการใกล้เคียง
    ผู้แต่ง [ร่มแก้ว]

BibComment


ยังไม่เคยถูกคอมเมนท์

คอมเมนท์ทรัพยากรรายการนี้
  คอมเมนท์: ปฐพีเล่ห์รัก ร่มแ..


 Copyright 2026. Bcnsprnw @Library